Beyond great walls : environment, identity, and development on the Chinese grasslands of Inner Mongolia /

Bibliographic Details
Main Author: Williams, Dee Mack
Format: Book
Language:English
Published: Stanford, Calif. : Stanford University Press, [2002]
Subjects:

MARC

Tag First Indicator Second Indicator Subfields
LEADER 00000cam a22000004a 4500
001 in00002024906
005 20151031174438.0
008 010920s2002 cauab b 001 0 eng
010 |a  2001049812 
020 |a 0804742782 (alk. paper) 
035 |a (OCoLC)ocm48038075 
040 |a DLC  |c DLC  |d AGL  |d TXA  |d UtOrBLW 
042 |a pcc 
043 |a a-cc--- 
049 |a TXAM 
050 0 0 |a GF657.C6  |b W55 2002 
070 0 |a GF657.C6  |b W55 2002 
082 0 0 |a 333.74/0951/77  |2 21 
100 1 |a Williams, Dee Mack. 
245 1 0 |a Beyond great walls :  |b environment, identity, and development on the Chinese grasslands of Inner Mongolia /  |c Dee Mack Williams. 
264 1 |a Stanford, Calif. :  |b Stanford University Press,  |c [2002] 
264 4 |c ©2002 
300 |a xii, 251 pages :  |b illustrations, maps ;  |c 25 cm. 
336 |a text  |b txt  |2 rdacontent 
337 |a unmediated  |b n  |2 rdamedia 
338 |a volume  |b nc  |2 rdacarrier 
504 |a Includes bibliographical references (pages [225]-246) and index. 
505 0 |a A land and people in the way -- Land degradation and the Chinese discourse -- The ambiguities of land degradation -- The land in cultural context -- The community: history, production, and residual fear -- Enclosure and changes in physical landscape -- Enclosure and changes in social landscape -- Landscape and identity -- Implications and conclusion. 
650 0 |a Human ecology  |z China  |z Inner Mongolia. 
650 0 |a Ethnicity  |z China  |z Inner Mongolia. 
650 0 |a Grassland ecology  |z China  |z Inner Mongolia. 
650 0 |a Pastoral systems  |z China  |z Inner Mongolia. 
650 0 |a Land degradation  |z China  |z Inner Mongolia. 
650 0 |a Environmental degradation  |z China  |z Inner Mongolia. 
651 0 |a Inner Mongolia (China)  |x Environmental conditions. 
651 0 |a Inner Mongolia (China)  |x Social conditions. 
948 |a cataloged  |b h  |c 2005/3/21  |d c  |e dmitchel  |f 3:30:30 pm 
994 |a C0  |b TXA 
999 |a MARS 
999 f f |s 78be5635-0fe1-331b-abb2-24ac388ecc62  |i 671f5cb1-ed8a-3802-81fd-d7bc1a7fcb6f  |t 0 
952 f f |p normal  |a Texas A&M University  |b College Station  |c Sterling C. Evans Library  |d Evans: Library Stacks  |t 0  |e GF657.C6 W55 2002  |h Library of Congress classification  |i unmediated -- volume  |m A14832317422 
998 f f |a GF657.C6 W55 2002  |t 0  |l Evans: Library Stacks